| 000 | 01037nam a22002537a 4500 | ||
|---|---|---|---|
| 005 | 20170124103153.0 | ||
| 010 | _aB-081669 | ||
| 020 |
_c125.00 _a8171789722 |
||
| 035 | _aB-081669 | ||
| 037 | _bCen Lib/Ret | ||
| 040 |
_aDPL _bHN |
||
| 082 |
_a821 _bवाजपे |
||
| 100 |
_aवाजपेयी, अशोक _988792 |
||
| 245 |
_aसमय के पास समय / _cअशोक वाजपेयी |
||
| 246 |
_aSamay ke pas samay / _bby Ashok Vajpayee |
||
| 260 |
_aनई दिल्ली _bराजकमल प्रकाशन _c2000 |
||
| 270 |
_bनई दिल्ली _e110002 _a1-बी, नेताजी सुभाष मार्ग, दरियागंज |
||
| 300 |
_a79पृ. _c20सेमी(सजिल्द) |
||
| 650 |
_aहिन्दी -- साहित्य _988793 |
||
| 650 |
_aहिन्दी -- काव्य _9779 |
||
| 650 |
_aHindi literature _988794 |
||
| 650 |
_aHindi - Poetry _988795 |
||
| 942 |
_2ddc _cHN _h821 _mवाजपे |
||
| 999 |
_c120153 _d120153 |
||